000 01101nam a2200241Ia 4500
001 791.430 1-GIA a. cr (5455)
003 IT-MiSPE
008 171229s9999||||xx |||||||||||||| ||und||
040 _aIT-MiSPE
_cIT-MiSPE
041 _aITALIANO
100 _aA. M. Giacomelli
245 0 _aCrisi dell'uomo e della società
_bNei film di Visconti e di Antonioni
250 _a1a ed. (v)
260 _aAlba (CN)
_bEd. Paoline
_c1972
300 _a171 p.
_c21 cm
490 _aLa comunicazione sociale
_v6
500 _aVisconti, Luchino; Antonioni, Michelangelo
501 _aEdizioni San Paolo srl - Piazza Soncino, 5 - 20092 CINISELLO BALSAMO (MI) (non commercial uses only) ® Copyright 2018
700 _aI. Saitta
942 _cBK
957 _71
999 _a20244
_bNO
_g Copie: 1
_c352019
_d352019